[Event "CRO-chT"]
[Site "Pula"]
[Date "1999.09.11"]
[Round "3"]
[White "Glavas, Dragan"]
[Black "Dabo Peranic, Robert"]
[Result "1-0"]
[WhiteElo "2261"]
[BlackElo "2282"]

1.d4 d5 2.c4 c6 3.Nf3 Nf6 4.Nc3 dxc4 5.a4 Bf5 6.e3 e6 7.Bxc4 Bb4 8.O-O Nbd7
9.Nh4 Bg6 10.Qb3 a5 11.g3 Qb6 12.Bd2 O-O-O 13.Rfc1 Kb8 14.Nb1 Bxd2 15.Nxd2 Qxb3
16.Nxb3 b6 17.Nxg6 hxg6 18.Bf1 Rc8 19.Bg2 Nd5 20.Nd2 e5 21.Nc4 exd4 22.exd4 N7f6
23.Ne5 Rc7 24.Nxc6+ Kb7 25.Ne5 Rhc8 26.Rxc7+ Rxc7 27.b3 Rc3 28.Rb1 Kc7 29.Nxf7 Nb4
30.h4 Nc2 31.d5 Kd7 32.Ne5+ Kd6 33.Nc4+ Kc5 34.Rc1 Rxc4 35.bxc4 Nd4 36.Bf1 g5
37.hxg5 Nf3+ 38.Kg2 Nxg5 39.f3 Nf7 40.g4 Nd6 41.Kg3 g5 42.Re1 Kb4 43.Re6 Nfe8
44.Bd3 Kc5 45.Rg6 Kd4 46.Bf1 Nf7 47.Rxb6  1-0

[Event "Wch U20"]
[Site "Yerevan"]
[Date "1999.09.18"]
[Round "1"]
[White "Gershon, Alik"]
[Black "Arutunian, D."]
[Result "0-1"]
[WhiteElo "2492"]
[BlackElo "2318"]

1.d4 d5 2.c4 c6 3.Nf3 Nf6 4.Nc3 dxc4 5.a4 Bf5 6.e3 e6 7.Bxc4 Bb4 8.O-O Nbd7
9.Qe2 Bg6 10.e4 Bxc3 11.bxc3 Nxe4 12.Ba3 Qc7 13.Rfe1 c5 14.d5 O-O-O 15.dxe6 fxe6
16.Bxe6 Rhe8 17.Qa2 Kb8 18.Nh4 Ndf6 19.Nxg6 hxg6 20.Qc4 Qe5 21.Bh3 Rh8 22.Bc1 Qxc3
23.Bf4+ Ka8 24.Qxc3 Nxc3 25.Be5 Ncd5 26.Be6 b6 27.a5 Kb7 28.f4 Rhf8 29.g4 b5
30.Rad1 Kc6 31.f5 gxf5 32.Bxf5 c4 33.Bd4 Nf4 34.Re5 a6 35.g5 N6d5 36.Be4 Rfe8
37.Bf3 Rxe5 38.Bxe5 Nh3+ 39.Kf1 Nxg5 40.Bg2 Ne6 41.Ke1 Kc5 42.Bg3 Ne3  0-1

[Event "Alushta2"]
[Site "Alushta"]
[Date "1999.09.20"]
[Round "3"]
[White "Bets, Anatolij"]
[Black "Novopashin, Arkady"]
[Result "1/2-1/2"]
[WhiteElo "2417"]
[BlackElo "2385"]

1.d4 d5 2.c4 c6 3.Nc3 Nf6 4.Nf3 dxc4 5.a4 Bf5 6.e3 e6 7.Bxc4 Bb4 8.O-O Nbd7
9.Qe2 Bg6 10.e4 Bh5 11.e5 Nd5 12.Ne4 h6 13.Ng3 Bg6 14.Bd3 a5 15.h4 O-O 16.Rd1 Re8
17.Be4 Nf8 18.h5 Bh7 19.Bxh7+ Nxh7 20.Ne4 f5 21.exf6 Nhxf6 22.Ng3 Nd7 23.Ne5 Nxe5
24.dxe5 Qh4 25.Ne4 Rad8 26.g3 Qh3 27.Bd2 Bf8 28.Bxa5 Rd7 29.Be1 Rf7 30.Rd3 Rf5
31.g4 Nf4 32.Rxh3 Nxe2+ 33.Kf1 Rxe5 34.Re3 Nd4 35.Bc3 Rd5 36.Rb1 Nc2 37.Rg3 Kf7
38.g5 Red8 39.gxh6 gxh6 40.Rf3+ Rf5 41.Kg2 Nd4 42.Rd3 Rfd5 43.Ng3 Nf5 44.Rf3 Bd6
45.Ne4  1/2-1/2

[Event "Paks 09 GM"]
[Site "Paks"]
[Date "1999.09.21"]
[Round "1"]
[White "Bu Xiangzhi"]
[Black "Varga, Peter"]
[Result "1-0"]
[WhiteElo "2465"]
[BlackElo "2491"]

1.d4 d5 2.c4 c6 3.Nf3 Nf6 4.Nc3 dxc4 5.a4 Bf5 6.Ne5 Nbd7 7.Nxc4 Qc7 8.g3 e5
9.dxe5 Nxe5 10.Bf4 Nfd7 11.Qc1 f6 12.Bg2 Be7 13.O-O Nc5 14.Bxe5 fxe5 15.Qe3 Nb3
16.Rad1 Bc2 17.Nxe5 Bc5 18.Qg5 Bd4 19.Nxc6 Bxd1 20.Nxd4 Nxd4 21.Rxd1 Nc6
22.Nb5 Qe7 23.Nd6+ Kf8 24.Qf5+ Qf6 25.Qc5 Qe7 26.Nxb7 Ne5 27.f4 Nf7 28.Rd7 Qxc5+
29.Nxc5 Re8 30.Rxa7 Re7 31.Nd7+ Ke8 32.Bc6 Kd8 33.e4 Nd6 34.e5 Nc8 35.Rb7 h5
36.b4 Rh6 37.b5 Nb6 38.Rxb6 Rxd7 39.Rb8+  1-0

[Event "Paks 09 IM"]
[Site "Paks"]
[Date "1999.09.22"]
[Round "2"]
[White "Reiss, Tibor"]
[Black "Macsik, Tamas"]
[Result "1/2-1/2"]
[WhiteElo "2180"]
[BlackElo "2184"]

1.d4 d5 2.c4 c6 3.Nc3 Nf6 4.Nf3 dxc4 5.a4 Bf5 6.Ne5 Nbd7 7.Nxc4 e6 8.f3 Nb6
9.e4 Bg6 10.Be3 Nxc4 11.Bxc4 Be7 12.O-O O-O 13.Qb3 b6 14.Rfd1 Qc7 15.Rac1 Qb7
16.Qc2 Nd5 17.Qe2 Nxe3 18.Ba6 Qd7 19.Qxe3 e5 20.Kh1 exd4 21.Rxd4 Qe6 22.Bc4 Qc8  1/2-1/2

[Event "Wch U20"]
[Site "Yerevan"]
[Date "1999.09.22"]
[Round "5"]
[White "Kasimdzhanov, Rustam"]
[Black "De Vreugt, Dennis"]
[Result "1-0"]
[WhiteElo "2603"]
[BlackElo "2398"]

1.d4 d5 2.c4 c6 3.Nf3 Nf6 4.Nc3 dxc4 5.a4 Bf5 6.Ne5 e6 7.f3 Bb4 8.e4 Bxe4
9.fxe4 Nxe4 10.Bd2 Qxd4 11.Nxe4 Qxe4+ 12.Qe2 Bxd2+ 13.Kxd2 Qd5+ 14.Kc2 Na6
15.Nxc4 O-O 16.Qf3 Qc5 17.Kb1 Nb4 18.Be2 Rad8 19.Rc1 Rd4 20.Ra3 Rfd8 21.Re3 Qg5
22.Rb3 a5 23.Qh5 Qxh5 24.Bxh5 Nd3 25.Rc2 Re4 26.Nxa5 Re1+ 27.Ka2 g6 28.Nxb7  1-0

[Event "Manhattan CC-ch"]
[Site "New York"]
[Date "1999.09.25"]
[Round "2"]
[White "Bonin, Jay R"]
[Black "Morris, Matthew"]
[Result "1/2-1/2"]
[WhiteElo "2411"]
[BlackElo "2260"]

1.d4 d5 2.c4 c6 3.Nf3 Nf6 4.Nc3 dxc4 5.a4 Bf5 6.e3 e6 7.Bxc4 Bb4 8.O-O Nbd7
9.Qe2 Bg6 10.Rd1 O-O 11.Bd2 Qe7 12.a5 e5 13.Nxe5 Nxe5 14.dxe5 Qxe5 15.Ne4 Bxd2
16.Nxf6+ Qxf6 17.Qxd2 Bh5 18.f3 Rad8 19.Qb4 Qg5 20.Kh1 Rxd1+ 21.Rxd1 Qxe3
22.Qxb7 Qc5 23.b3 Qxa5 24.Qxc6 Rd8 25.Bd5 Kh8 26.Qb7 h6 27.b4 Qb6 28.Qxb6 axb6
29.Kg1 f6 30.Kf2 Bf7 31.Bb3 Rxd1 32.Bxd1 Kg8  1/2-1/2

[Event "Paks 09 IM"]
[Site "Paks"]
[Date "1999.09.26"]
[Round "6"]
[White "Siklosi, Zoltan"]
[Black "Macsik, Tamas"]
[Result "0-1"]
[WhiteElo "2337"]
[BlackElo "2184"]

1.d4 d5 2.Nf3 Nf6 3.c4 c6 4.Nc3 dxc4 5.a4 Bf5 6.e3 e6 7.Bxc4 Bb4 8.O-O O-O
9.Qe2 Nbd7 10.e4 Bg4 11.Rd1 Qa5 12.e5 Nd5 13.Ne4 Ne7 14.h3 Bh5 15.Bd2 a6
16.Ra3 c5 17.g4 Bg6 18.dxc5 Bxe4 19.Qxe4 Nxc5 20.Qe1 Bxd2 21.Qxd2 Qxd2 22.Rxd2 Nc6
23.Kf1 Rfd8 24.Ke2 Rxd2+ 25.Kxd2 Rd8+ 26.Ke3 Rd1 27.Bd3 Nb4 28.Be4 a5 29.Rc3 b6
30.b3 h6 31.Rc4 Kf8 32.Rd4 Rh1 33.Rd8+ Ke7 34.Rg8 g6 35.h4 Nxb3 36.Rb8 Nc5
37.Rxb6 Nxa4 38.Rb7+ Kf8 39.Nd4 Re1+ 40.Kf3 Nc5 41.Rb8+ Kg7 42.Ba8 Nbd3 43.Rb5 a4
44.Ra5 Nxe5+ 45.Kg2 Ned3 46.Bc6 Ra1 47.Kg3 Ra2 48.f3 Nb3 49.Nxb3 axb3 50.Rb5 Nc1
51.Rb7 Ne2+ 52.Kh3 Nf4+  0-1

[Event "World Cities-ch 2nd"]
[Site "Shenyang"]
[Date "1999.10.05"]
[Round "2"]
[White "Wu Shaobin"]
[Black "Green, Peter"]
[Result "1-0"]
[WhiteElo "2496"]
[BlackElo "2269"]

1.d4 d5 2.c4 c6 3.Nf3 Nf6 4.Nc3 dxc4 5.a4 Bf5 6.e3 e6 7.Bxc4 Nbd7 8.Nh4 Bg4
9.f3 Bh5 10.g3 Be7 11.O-O O-O 12.e4 Ne8 13.Ng2 e5 14.Be3 Kh8 15.d5 c5 16.Qd2 Nd6
17.b3 Bg6 18.Nb5 f6 19.Nxd6 Bxd6 20.Nh4 Be8 21.a5 Rf7 22.Nf5 Nf8 23.f4 Ng6
24.Rfc1 Rc7 25.Bf1 exf4 26.gxf4 Ne7 27.Nxd6 Qxd6 28.b4 c4 29.Rxc4 Rxc4 30.Bxc4 Ng6
31.Rf1 b6 32.Bd4 Bd7 33.e5 fxe5 34.fxe5 Nxe5 35.Qg5 Ng6 36.Qh6  1-0

[Event "World Cities-ch 2nd"]
[Site "Shenyang"]
[Date "1999.10.08"]
[Round "8"]
[White "Relange, Eloi"]
[Black "Green, Peter"]
[Result "1-0"]
[WhiteElo "2452"]
[BlackElo "2269"]

1.d4 d5 2.c4 c6 3.Nf3 Nf6 4.Nc3 dxc4 5.a4 Bf5 6.e3 e6 7.Bxc4 Bb4 8.O-O O-O
9.Qe2 Ne4 10.Bd3 Bxc3 11.Bxe4 Bb4 12.Bxf5 exf5 13.Bd2 Bxd2 14.Qxd2 Qd6 15.b4 Nd7
16.Rfc1 g6 17.Ra2 Rfe8 18.h3 Red8 19.Ne1 Re8 20.Nd3 Red8 21.b5 cxb5 22.axb5 Qb6
23.Qa5 Rac8 24.Rb1 Ra8 25.Rba1 Rac8 26.Qb4 Ra8 27.Nb2 a6 28.Nd3 Nf6 29.bxa6 Qxb4
30.Nxb4 bxa6 31.Rxa6 Rxa6 32.Rxa6 Kg7 33.Nd3 Rd7 34.Nc5 Re7 35.Rb6 Ra7 36.Rb7 Rxb7
37.Nxb7 Nd5 38.g3 Kf6 39.Nc5 Ke7 40.Kg2 Kd6 41.Nd3 Nc3 42.Kf3 f6  1-0

[Event "SLO-ch"]
[Site "Kranj"]
[Date "1999.10.09"]
[Round "8"]
[White "Sebenik, Matej"]
[Black "Crepan, Marjan"]
[Result "1/2-1/2"]
[WhiteElo "2194"]
[BlackElo "2289"]

1.Nf3 d5 2.d4 Nf6 3.c4 c6 4.Nc3 dxc4 5.a4 Bf5 6.e3 e6 7.Bxc4 Bb4 8.O-O Nbd7
9.Qb3 a5 10.Nh4 Bg6 11.f3 Nd5 12.g3 N7b6 13.Be2 Be7 14.Nxg6 hxg6 15.e4 Nb4
16.Be3 Nd7 17.Rad1 Qc7 18.d5 exd5 19.exd5 O-O 20.dxc6 bxc6 21.Ne4 Rab8 22.Qc3 Nf6
23.Bc4 Rb7 24.Bf4 Qb6+ 25.Be3 Qc7 26.Bf4 Qb6+ 27.Be3 Qc7 28.Bf4  1/2-1/2

[Event "Asia-chT (Women)"]
[Site "Shenyang"]
[Date "1999.10.10"]
[Round "1"]
[White "Hoang Th Trang"]
[Black "Battsetseg, Tuvshintugs"]
[Result "1-0"]
[WhiteElo "2453"]
[BlackElo "2218"]

1.d4 d5 2.c4 c6 3.Nf3 Nf6 4.Nc3 dxc4 5.a4 Bf5 6.e3 e6 7.Bxc4 Bb4 8.O-O O-O
9.Nh4 Bg4 10.f3 Nd5 11.fxg4 Qxh4 12.Qf3 Nd7 13.Bd2 Qe7 14.Bd3 f6 15.Qh3 g6
16.Kh1 a5 17.e4 N5b6 18.Bh6 Rf7 19.Bc2 Kh8 20.Rad1 Re8 21.Qf3 c5 22.d5 Ne5
23.Qg3 Bxc3 24.d6 Qd8 25.bxc3 Nbc4 26.Bc1 Rd7 27.g5 f5 28.Bb3 Qb6 29.Ba2 Qa6
30.exf5 gxf5 31.Rfe1 Ng6 32.Qd3 Nge5 33.Qe2 Kg8 34.Bf4  1-0

[Event "Wichern op 5th"]
[Site "Hamburg"]
[Date "1999.10.18"]
[Round "5"]
[White "Borchgrevink, Harald"]
[Black "Althoff, Guntram"]
[Result "1/2-1/2"]
[WhiteElo "2001"]
[BlackElo "2185"]

1.c4 Nf6 2.Nc3 c6 3.d4 d5 4.Nf3 dxc4 5.a4 Bf5 6.e3 e6 7.Bxc4 Nbd7 8.O-O Nb6
9.Bd3 Bg4 10.a5 Nbd5 11.e4 Nb4 12.Be2 Be7 13.Be3 O-O 14.Qb3 b6 15.axb6 axb6
16.Rac1 Qb8 17.Rfd1 Ra5 18.h3 Bh5  1/2-1/2

[Event "Wch U16"]
[Site "Oropesa del Mar"]
[Date "1999.10.31"]
[Round "7"]
[White "Kruck, Daniel"]
[Black "Mansson, Lars"]
[Result "1/2-1/2"]
[WhiteElo "2243"]
[BlackElo "2120"]

1.d4 d5 2.c4 c6 3.Nc3 Nf6 4.Nf3 dxc4 5.a4 Bf5 6.Ne5 Nbd7 7.Nxc4 Nb6 8.Ne5 a5
9.f3 Nfd7 10.Nxd7 Nxd7 11.e4 Bg6 12.Be2 e6 13.O-O Bb4 14.Be3 O-O 15.Qc2 Nf6
16.Bd3 Qe7 17.Rae1 Rad8 18.Kh1 c5 19.dxc5 Rc8 20.e5 Nd7 21.Bxg6 hxg6 22.f4 Nxc5
23.Rc1 Na6 24.Qe2 Nc5  1/2-1/2

[Event "Wch U18"]
[Site "Oropesa del Mar"]
[Date "1999.11.04"]
[Round "10"]
[White "Loetscher, Roland"]
[Black "Zaremba, Andre"]
[Result "0-1"]
[WhiteElo "2209"]
[BlackElo "2336"]

1.d4 d5 2.c4 c6 3.Nf3 Nf6 4.Nc3 dxc4 5.a4 Bf5 6.e3 e6 7.Bxc4 Bb4 8.O-O Nbd7
9.Qe2 Bg6 10.Bd3 Bxd3 11.Qxd3 O-O 12.Rd1 Qa5 13.e4 e5 14.Na2 exd4 15.Nxb4 Qxb4
16.e5 Nd5 17.Qf5 Qe7 18.Bg5 Qe6 19.Qxe6 fxe6 20.Nxd4 Nxe5 21.Nxe6 Rf5 22.Bh4 Re8
23.Nd4 Rf7 24.Bg3 Nf4 25.Re1 Kf8 26.Rad1 Ned3 27.Rxe8+ Kxe8 28.Rd2 Rd7 29.Nb3 b6
30.Kf1 c5 31.f3 Ne6 32.Rc2 Nb4 33.Re2 Kf7 34.Ke1 Nd3+ 35.Kf1 c4 36.Na1 Nxb2
37.Rxb2 Rd1+ 38.Be1 Rxa1 39.Rb4 Nc5 40.Rxc4 Nd3 41.Re4 Nxe1 42.Rxe1 Rxa4
43.Re2 Rd4 44.Rb2 Ke6  0-1

[Event "Chigorin mem"]
[Site "St Petersburg"]
[Date "1999.11.05"]
[Round "4"]
[White "Pesiakov, Valentin"]
[Black "Kharitonov, Sergei"]
[Result "0-1"]
[WhiteElo "2348"]
[BlackElo "2219"]

1.d4 d5 2.c4 c6 3.Nf3 Nf6 4.Nc3 dxc4 5.a4 Bf5 6.e3 e6 7.Bxc4 Bb4 8.O-O Nbd7
9.Qe2 O-O 10.e4 Bg6 11.e5 Nd5 12.Ne4 Re8 13.Bd2 Be7 14.a5 a6 15.Rfe1 Rc8
16.Red1 h6 17.h3 Qc7 18.Bd3 Bh7 19.Rdc1 Qb8 20.Rc4 c5 21.Nxc5 Bxd3 22.Qxd3 Bxc5
23.dxc5 Nxc5 24.Qa3 Nd7 25.Rxc8 Rxc8 26.Re1 Qc7 27.Qa4 Nc5 28.Qg4 Kf8 29.Rc1 Qd8
30.Bb4 Qe7 31.Qd4 Nxb4 32.Qxb4 Rc7 33.Qb6 Rc6 34.Qa7 Qd7 35.b4 Nd3 36.Rxc6 Qxc6
37.Qd4 Qc1+ 38.Kh2 Qf4+ 39.Qxf4 Nxf4 40.Nd4 Nd3 41.Nb3 Ke7 42.b5 axb5 43.Kg3 Kd7
44.f4 Kc6 45.Kf3 Kd5 46.Ke3 Nc5 47.Nc1 b4 48.Kd2 Kc4 49.Kc2 b3+ 50.Kb2 Kb4
51.Ne2 Na4+ 52.Kc1 b2+ 53.Kc2 b1=Q+ 54.Kxb1 Nc3+  0-1

[Event "Chigorin mem"]
[Site "St Petersburg"]
[Date "1999.11.05"]
[Round "4"]
[White "Smirnov, Artiom"]
[Black "Kashtanov, Ruslan"]
[Result "1/2-1/2"]
[WhiteElo "2171"]
[BlackElo "2341"]

1.d4 d5 2.c4 c6 3.Nf3 Nf6 4.Nc3 dxc4 5.a4 Bf5 6.e3 e6 7.Bxc4 Bb4 8.O-O Nbd7
9.Nh4 Bg6 10.f3 Nd5 11.Nxg6 hxg6 12.Bd2 Bd6 13.f4 Qh4 14.h3 f5 15.e4 fxe4
16.Nxe4 Be7 17.Qe2 O-O-O 18.Rac1 Rhf8 19.Bxd5 exd5 20.Nf2 Bf6 21.Qd3 g5 22.Ng4 gxf4
23.Bxf4 Rde8 24.Bd6 Be7 25.Bg3 Rxf1+ 26.Rxf1 Qh5 27.Bh2 Bd8 28.b4 Re4 29.a5 a6
30.Rc1 Qg6 31.Nf2 Re6 32.Qf3 Bc7 33.Bxc7 Kxc7 34.Qf4+ Kc8 35.Ng4 Re4 36.Qf2 Qg5
37.Re1 Nf6 38.Nxf6 gxf6 39.Rf1 Re6 40.Qf5 Qxf5 41.Rxf5 Kd7 42.Kf2 Ke7 43.Rf3 Re4
44.Re3 f5 45.Rxe4+  1/2-1/2

[Event "Chigorin mem"]
[Site "St Petersburg"]
[Date "1999.11.07"]
[Round "6"]
[White "Lugovoi, Aleksei"]
[Black "Skatchkov, Pavel"]
[Result "0-1"]
[WhiteElo "2509"]
[BlackElo "2416"]

1.d4 d5 2.c4 c6 3.Nc3 Nf6 4.Nf3 dxc4 5.a4 Bf5 6.e3 e6 7.Bxc4 Bb4 8.O-O O-O
9.Qe2 Bg6 10.Ne5 Nbd7 11.Nxg6 hxg6 12.Rd1 Qa5 13.Bd2 Rad8 14.Be1 Nb6 15.Bb3 e5
16.dxe5 Qxe5 17.Qc2 Rxd1 18.Rxd1 Ng4 19.Qxg6 Qxh2+ 20.Kf1 Ne5 21.Qg5 Re8
22.Rd4 Be7 23.Qf4 Qxf4 24.exf4 Ned7 25.a5 Nc5 26.Ba2 Bf6 27.Rd1 Nba4 28.Nxa4 Nxa4
29.Rd7 Re7 30.Rxe7 Bxe7 31.b4 Bf6 32.Bc4 Bc3 33.Bb3 Bxe1 34.Kxe1 Nc3 35.Kd2 Nb5
36.Bc4 Nd6 37.Bd3 f6 38.Kc3 Kf7 39.Kd4 Ke6 40.Kc5 Kd7 41.g4 Kc7 42.g5 Nc8
43.gxf6 gxf6 44.f5 b6+ 45.axb6+ axb6+ 46.Kd4 Kd6 47.Bc2 Ne7 48.Be4 Ng8 49.Bc2 Nh6
50.f4 b5 51.Bb1 Nf7 52.Ba2 Nd8 53.Bb1 Nb7 54.Bd3 Kc7 55.Bc2 Kb6 56.Bb1 Nd6
57.Bc2 Ne8 58.Bb3 Nc7 59.Bf7 Na6 60.Kc3 c5 61.bxc5+ Kxc5 62.Be6 Nb4 63.Kb3 Nd3
64.Bc8 Nxf4 65.Kc3 Ne2+ 66.Kd3 Nd4 67.Kc3 Nc6 68.Kb3 Ne5 69.Kc3 Nc4 70.Be6 Nb6
71.Kb3 Nd5 72.Bd7 Nf4 73.Bc8 Ne2 74.Bd7 Ng3 75.Kc3 Nh1 76.Kb3 Nf2 77.Kc3 Nh3
78.Kb3 Ng5 79.Kc3 Ne4+ 80.Kb3 Nf2 81.Kc3 Ng4 82.Kb3 Ne5 83.Bc8 Nc6 84.Kc3 b4+
85.Kd3 Ne5+ 86.Kc2 Kc4 87.Be6+ Kb5 88.Kb3 Nc6 89.Bd7 Kc5 90.Kc2 Kd6 91.Be8 Kd5
92.Kb3 Kc5 93.Bd7 Nd4+ 94.Kb2 Kd6 95.Bc8 Kc6 96.Ka2 Kc7 97.Ba6 Kd6 98.Bc8 Kc5
99.Kb2 Nc6 100.Kb3 Ne5 101.Be6 Kb5 102.Bc8 Nd3 103.Bd7+ Kb6 104.Be6 Kc5 105.Bc8 Ne5
106.Kc2 Nc6 107.Kd3 Na5 108.Kc2 Kd5 109.Kd3 Kc5 110.Kc2 Nc6 111.Kd3 Ne7 112.Be6 Nd5
113.Bc8 Nb6 114.Be6 Na4 115.Kc2 Kb5 116.Bd7+ Ka5 117.Bc8 Nc5 118.Be6 Ka4
119.Kb2 b3 120.Kc3 Ka3 121.Bxb3 Nxb3 122.Kc4 Nd2+ 123.Kd5 Kb4 124.Ke6 Ne4
125.Kd5 Ng5  0-1

[Event "SLO-chT"]
[Site "Bled"]
[Date "1999.11.08"]
[Round "1"]
[White "Sebenik, Matej"]
[Black "Podkriznik, Gregor"]
[Result "1/2-1/2"]
[WhiteElo "2194"]
[BlackElo "2306"]

1.d4 d5 2.Nf3 Nf6 3.c4 c6 4.Nc3 dxc4 5.a4 Bf5 6.e3 e6 7.Bxc4 Bb4 8.O-O Nbd7
9.Qb3 a5 10.Nh4 Bg6 11.f3 Bh5 12.g4 Nd5 13.Ng2 Bg6 14.e4 N5b6 15.Be2 h5 16.g5 h4
17.h3 Qc7 18.Bf4 Bd6 19.Be3 Bb4 20.Bf4 Bd6 21.Be3 Bb4 22.Bf4  1/2-1/2

[Event "SLO-chT"]
[Site "Bled"]
[Date "1999.11.08"]
[Round "1"]
[White "Cebalo, Miso"]
[Black "Atalik, Suat"]
[Result "1-0"]
[WhiteElo "2453"]
[BlackElo "2598"]

1.d4 d5 2.Nf3 Nf6 3.c4 c6 4.Nc3 dxc4 5.a4 Bf5 6.Nh4 e6 7.Nxf5 exf5 8.e3 Bb4
9.Bxc4 O-O 10.Bd2 Nbd7 11.O-O g6 12.Qc2 Rc8 13.Rfd1 Nb6 14.Bf1 Nbd5 15.Rac1 a5
16.Qb3 Qe7 17.g3 Rfd8 18.Bg2 Nc7 19.Na2 Bxd2 20.Rxd2 Ncd5 21.Rdc2 Ra8 22.Rc4 Ra6
23.Qc2 Nb6 24.Rc5 Qe6 25.b4 axb4 26.Nxb4 Ra7 27.Bxc6 f4 28.a5 Nbd7 29.Bxd7 Qxd7
30.Nd3 fxe3 31.fxe3 Qe7 32.Ne5 Nd7 33.Rd5 Nxe5 34.Rxe5 Qa3 35.Rf1 Rf8 36.Qc7 Qa2
37.Rf2 Qb1+ 38.Kg2 Raa8 39.Re7 Qb3 40.e4 Qa4 41.Rexf7 Qxd4 42.Rxf8+ Rxf8
43.Rxf8+ Kxf8 44.Qc8+ Kg7 45.Qxb7+ Kh6 46.a6 Qe3 47.Kf1 Qc1+ 48.Kg2 Qc2+
49.Kf3 Qc3+ 50.Kg4  1-0

[Event "Chigorin mem"]
[Site "St Petersburg"]
[Date "1999.11.10"]
[Round "9"]
[White "Burmakin, Vladimir"]
[Black "Skatchkov, Pavel"]
[Result "1/2-1/2"]
[WhiteElo "2579"]
[BlackElo "2416"]

1.d4 d5 2.c4 c6 3.Nf3 Nf6 4.Nc3 dxc4 5.a4 Bf5 6.e3 e6 7.Bxc4 Bb4 8.O-O O-O
9.Qe2 Bg6 10.Ne5 Nbd7 11.Nxg6 hxg6 12.Rd1 Qa5 13.Bd2 Rad8 14.Bb3 Nb6 15.Na2 Bxd2
16.Qxd2 Qxd2 17.Rxd2 a5 18.Rc2 Nfd5 19.Rd1 Ra8 20.Nc3 Nd7 21.e4 Nb4 22.Rcd2 Rfc8
23.Bc4 Nf6 24.f3 Rab8 25.Bf1 Rc7 26.Kf2 Rd8 27.Ke1 Rcd7 28.Ke2 Kf8 29.Nb1 Ne8
30.Na3 Nd6 31.Ke3 Nc8 32.Nc2 Nxc2+ 33.Rxc2 e5 34.Rcd2 exd4+ 35.Rxd4 Ke7 36.f4 Rxd4
37.Rxd4 Nd6 38.g4 Rh8 39.e5 Ne8 40.h3 Nc7 41.Bg2 Ra8 42.f5 g5 43.Kd3 Na6
44.Kc4 Rb8 45.h4 gxh4 46.g5 b5+ 47.Kc3 bxa4 48.Rxa4 Rb5 49.f6+ gxf6 50.exf6+ Kd6
51.Rd4+ Kc7 52.g6 fxg6 53.Bh3 Nc5 54.f7 Rb8 55.Rxh4 Rf8 56.Kd4 Nb3+ 57.Kc3 Nc5
58.Kd4 Nb3+ 59.Kc3 Nc5 60.Kd4 Nb3+  1/2-1/2

[Event "Chigorin mem"]
[Site "St Petersburg"]
[Date "1999.11.10"]
[Round "9"]
[White "Ulko, Jaroslav"]
[Black "Solozhenkin, Evgeniy"]
[Result "1/2-1/2"]
[WhiteElo "2454"]
[BlackElo "2544"]

1.d4 d5 2.c4 c6 3.Nf3 Nf6 4.Nc3 dxc4 5.a4 Bf5 6.Ne5 e6 7.g3 Bb4 8.Nxc4 Qd5
9.Qb3 Na6 10.f3 Qxd4 11.e4 Nxe4 12.Be3 Nec5 13.Qd1 Nd3+ 14.Bxd3 Qxd3 15.Qxd3 Bxd3
16.Ne5 Bc2 17.Ke2 Bb3 18.Ne4 Bd5 19.Rhc1 f6 20.Nd3 Be7 21.a5 Kf7 22.h4 Rhd8
23.Ra4 h5 24.Rc3 e5 25.Bf2 Nc7 26.Rc1 Ne6 27.Rc3 Nc7 28.Rc1 Nb5 29.Nec5 Nd6
30.Rb4 Rab8 31.Ra4 Nb5 32.f4 Bxc5 33.Nxc5 exf4 34.Rxf4 b6 35.axb6 axb6 36.Na4 c5
37.b4 Nd4+ 38.Bxd4 cxd4 39.Rc7+ Kg6 40.Rxd4 b5 41.Nc3 Bc4+ 42.Ke3 Re8+ 43.Re4 Rxe4+
44.Kxe4 Rd8 45.Rc5 Rd3 46.Ne2 Rb3 47.Nf4+ Kh7 48.Nxh5 Rxb4 49.Ke3 Rb3+ 50.Kf2 Rb2+
51.Kf3 Rc2 52.Ke3 b4 53.Rc7 b3 54.Nxf6+ Kg6 55.Ne4 b2 56.Rc6+ Kf7 57.Rc7+ Kf8
58.Rc8+ Ke7 59.Rc7+ Kd8 60.Rb7 Ba2 61.Nd2 Rxd2 62.Kxd2 b1=Q 63.Rxb1 Bxb1
64.Ke3 Ke7 65.Kf4 Kf6 66.h5 Bh7 67.g4 Ke6 68.g5 Bg8 69.Ke4  1/2-1/2

[Event "Chigorin mem"]
[Site "St Petersburg"]
[Date "1999.11.10"]
[Round "9"]
[White "Tunik, Gennady"]
[Black "Soldatenkov, Kusma"]
[Result "1-0"]
[WhiteElo "2447"]
[BlackElo "2335"]

1.d4 d5 2.c4 c6 3.Nf3 Nf6 4.Nc3 dxc4 5.a4 Bf5 6.Ne5 Na6 7.f3 Nd7 8.Nxc4 e5
9.e4 exd4 10.Qxd4 Nb4 11.Qd1 Be6 12.Be2 Nc5 13.O-O Ncd3 14.Ne3 Bc5 15.Kh1 Qd4
16.Bxd3 Nxd3 17.Ne2 Qd6 18.Ng3 O-O-O 19.Qe2 g6 20.Nd5 Nxc1 21.Rfxc1 Kb8 22.Qc2 Bd4
23.Rd1 Be5 24.Nf4 Qb4 25.Nxe6 fxe6 26.Rab1 Rxd1+ 27.Qxd1 Kc7 28.Nf1 Rd8 29.Qc2 Qd6
30.Re1 Qd4 31.b3 Qc3 32.Qf2 Qxb3 33.Qxa7 Qb6 34.Qxb6+ Kxb6 35.g3 Ka5 36.f4 Bd4
37.Rb1 b6 38.Rc1 Bc5 39.Kg2 Rd4 40.Kf3 Rxa4 41.e5 Kb5 42.Nd2 Ra3+ 43.Kg4 Ra2
44.Ne4 Bb4 45.h4 c5 46.Kg5 Re2 47.Nd6+ Kc6 48.Kf6 Be1 49.g4 Bxh4+ 50.Kxe6 Bg3
51.Rf1 g5 52.Kf5 Bxf4 53.Ne4 c4 54.e6 Bd6 55.Rd1 Bb4 56.Rd8 Kb5 57.Rc8 Bc5
58.Nc3+  1-0

[Event "ch-ESP (team) Div 2"]
[Site "Cala Galdana ESP"]
[Date "1999.11.13"]
[Round "6"]
[White "Cramling,P"]
[Black "Del Rio Angelis,S"]
[Result "1/2-1/2"]
[WhiteElo "2504"]
[BlackElo "2471"]

1.d4 d5 2.Nf3 Nf6 3.c4 c6 4.Nc3 dxc4 5.a4 Bf5 6.Ne5 Nbd7 7.Nxc4 Qc7 8.g3 e5
9.dxe5 Nxe5 10.Bf4 Nfd7 11.Bg2 f6 12.O-O Nc5 13.Ne3 Bg6 14.b4 Ne6 15.b5 Rd8
16.Qb3 Nc5 17.Qa2 Bf7 18.Qb2 Be6 19.Ne4 Nxe4 20.Bxe4 Bd6 21.Qc2 g6 22.Rac1 O-O
23.Bxe5 Bxe5 24.bxc6 bxc6 25.Qxc6 Qf7 26.Rfd1 Bd4 27.Bd3 Bxe3 28.fxe3 Rfe8
29.Be4 Qe7 30.Rxd8 Rxd8 31.Qc5 Qd7 32.Qa5 Qd2 33.Qxd2 Rxd2 34.Bd3 Ra2 35.Rc6 Ra1+
36.Kf2 Bh3 37.g4 Rxa4 38.Kg3 Bxg4 39.Bc4+ Rxc4 40.Rxc4 Bxe2 41.Rc7 g5 42.Rxa7 Bh5
43.e4 Bg6 44.Kf3 Kf8 45.Ke3 Kg8 46.Kd4 h6 47.Kd5 Kf8 48.Rc7 Kg8 49.Re7 Bf7+
50.Kd6 Bg6 51.Kd7 Bf7 52.Kc6 Bg6 53.Kd6 Bf7 54.Ra7 Bg6 55.Ra4 Kg7 56.Ke6 Bf7+
57.Ke7 Bg6 58.Rb4 Bh7 59.Ke6 Bg8+ 60.Kd6 Bh7 61.Rb7+ Kg8 62.Kd5 Bg6 63.Re7 Bf7+
64.Kd6  1/2-1/2

[Event "Extraliga CZE"]
[Site "Ostrava CZE"]
[Date "1999.11.21"]
[Round "4"]
[White "Orsag,Mil"]
[Black "Sabol,M"]
[Result "0-1"]
[WhiteElo "2407"]
[BlackElo "2302"]

1.d4 Nf6 2.Nf3 c6 3.c4 d5 4.Nc3 dxc4 5.a4 Bf5 6.Ne5 Na6 7.f3 Nd7 8.Nxc4 e5
9.e4 exd4 10.Qxd4 Nb4 11.Qd1 Be6 12.Be3 Nc5 13.Qxd8+ Rxd8 14.Na3 Nbd3+ 15.Bxd3 Nxd3+
16.Ke2 Nxb2 17.Bxa7 Nc4 18.Ncb1 Ra8 19.Bd4 Rxa4 20.Nc2 Rxa1 21.Nxa1 Bd6 22.Nb3 f6
23.Nc3 O-O 24.g3 Ra8 25.Ra1 Rxa1 26.Nxa1 c5 27.Bf2 Be5 28.Kd3 Nb2+ 29.Kc2 Bxc3  0-1

[Event "ch-NED (qualifier KO)"]
[Site "Rotterdam NED"]
[Date "1999.12.04"]
[Round "1.1"]
[White "Kroeze,F"]
[Black "Ernst,S"]
[Result "1-0"]
[WhiteElo "2363"]
[BlackElo "2444"]

1.d4 d5 2.c4 dxc4 3.Nf3 Nf6 4.Nc3 c6 5.a4 Bf5 6.Nh4 e6 7.Nxf5 exf5 8.e3 Bb4
9.Bxc4 O-O 10.O-O Nbd7 11.Bd2 Qa5 12.Qc2 Rad8 13.Rfd1 Rfe8 14.Na2 Bxd2 15.Rxd2 g6
16.b4 Qc7 17.g3 Kg7 18.Qb3 Ne4 19.Rc2 Ndf6 20.Bf1 h5 21.b5 h4 22.bxc6 bxc6
23.Nb4 hxg3 24.hxg3 Ng4 25.Nxc6 Nexf2 26.Ne5 Qe7 27.Rxf2 Rb8 28.Qc3 Rec8
29.Bc4 Nxf2 30.Kxf2 Rb4 31.d5 Rb7 32.Nc6+ Qf6 33.Qxf6+ Kxf6 34.Ra2 Rh8 35.Kg2 Rb1
36.Rf2 Rc1 37.Bb3 a6 38.e4 Rhh1 39.e5+ Kg5 40.Nd4 Rhg1+ 41.Kh3 Rh1+ 42.Rh2 Rxh2+
43.Kxh2 Rc3 44.Kg2 Rd3 45.Nf3+ Kg4 46.e6 Rxb3 47.Ne5+ Kg5 48.exf7  1-0

[Event "Eu Team Ch (women)"]
[Site "Batumi GEO"]
[Date "1999.12.05"]
[Round "6"]
[White "Charkhalashvili,I"]
[Black "Hlgatian,G"]
[Result "1/2-1/2"]
[WhiteElo "2205"]
[BlackElo "2212"]

1.d4 d5 2.Nf3 Nf6 3.c4 c6 4.Nc3 dxc4 5.a4 Bf5 6.e3 e6 7.Bxc4 Bb4 8.O-O O-O
9.Qb3 Qb6 10.Ne5 Nbd7 11.Nxd7 Nxd7 12.Na2 Be7 13.Re1 Qxb3 14.Bxb3 Bd3 15.Bd2 c5
16.Bc3 Rac8 17.d5 c4 18.dxe6 fxe6 19.Bd1 Nc5 20.Bd4 b6 21.Nc3 Ne4 22.Bg4 Kf7
23.a5 Nc5 24.axb6 axb6 25.Ra7 g6 26.Nb5 Rfd8 27.Be5 Kf8 28.Bc7 Rd7 29.Bxb6 Rxa7
30.Bxa7 Bf5 31.Bxf5 exf5 32.Rc1 Nd3 33.Rc2 Kf7 34.b3 Ke6 35.Rxc4 Rxc4 36.bxc4 Ne5
37.c5 Kd5 38.Nd6 Nc6 39.Bb6 Bxd6 40.cxd6 Kxd6 41.f3 Kd5 42.Kf2 Ne5 43.Kg3 Nd3
44.Ba5 Ne5 45.Bc3 Nf7 46.Kf4 h5 47.h3 Kd6 48.Be1 Kd5 49.Bh4 Kd6 50.g4 hxg4
51.hxg4 Ke6 52.Be1 Kf6 53.Bc3+ Ke6 54.e4 fxe4 55.Kxe4 Nd6+ 56.Kf4 Nc4 57.Kg5 Kf7
58.Kh6 Ne3 59.Bd4 Nd5 60.Kh7 Nf4 61.Be5 Nd5 62.Kh6 Ne3 63.Bd4 Nd5 64.Kg5 Ne7
65.f4 Nd5 66.Bb2 Ne3 67.Bc1 Nd5 68.Kh6 Ne7 69.Kh7 Nd5  1/2-1/2

[Event "Eu Team Ch"]
[Site "Batumi GEO"]
[Date "1999.12.07"]
[Round "9"]
[White "Babula,V"]
[Black "Hillarp Persson,T"]
[Result "1-0"]
[WhiteElo "2567"]
[BlackElo "2507"]

1.d4 d5 2.c4 c6 3.Nf3 Nf6 4.Nc3 dxc4 5.a4 Bf5 6.Ne5 e6 7.f3 c5 8.dxc5 Qxd1+
9.Kxd1 Nc6 10.Nxc6 bxc6 11.e4 Bg6 12.Bxc4 Bxc5 13.Ke2 Rb8 14.a5 Nd7 15.Na4 Bd4
16.Be3 c5 17.Bxd4 cxd4 18.Rhc1 O-O 19.Ba6 f5 20.Rc7 Ne5 21.exf5 Rxf5 22.Rac1 Rb4
23.b3 Rxb3 24.Rxa7 Re3+ 25.Kd1 h5 26.Nc5 Bf7 27.Bb5 h4 28.h3 Rg5 29.Bf1 Ra3
30.a6 Ra2 31.Ra8+ Kh7 32.a7 Bh5 33.Rh8+ Kxh8 34.Na6 Kh7 35.a8=Q Rf5 36.Rc8 Ra1+
37.Kd2 Rxf1 38.Rh8+ Kg6 39.Qe8+ Kf6 40.Qd8+ Kf7 41.Qe8+ Kf6 42.Rxh5 Rf2+
43.Kd1 Rxg2 44.Nc5 Rxh5 45.Qxh5 g5 46.Qh8+ Kf5 47.Qf8+  1-0